Basic writing.
| Format: | Journal |
|---|---|
| Language: | English |
| Published: |
New York :
City College of New York, Dept. of English
New York : Instructional Resource Center, City University of New York New York : City University of New York Office of Academic Affairs |
| Subjects: |
MARC
| Tag | First Indicator | Second Indicator | Subfields |
|---|---|---|---|
| LEADER | 00000cas a2200000 a 4500 | ||
| 001 | in00004074621 | ||
| 005 | 20190718163618.0 | ||
| 006 | m o d | ||
| 007 | cr ||||||||||| | ||
| 008 | 050614c19759999nyufr pso 0 0eng c | ||
| 010 | |a 2012250745 | ||
| 016 | 7 | |a 996375325 |2 DE-101 | |
| 016 | 7 | |a 2512506-0 |2 DE-600 | |
| 019 | |a 1058145405 |a 1098589190 | ||
| 022 | |l 0147-1635 | ||
| 024 | 8 | |a eb716673 | |
| 029 | 0 | |a OCLCS |b 12382 | |
| 029 | 1 | |a AU@ |b 000026895269 | |
| 029 | 1 | |a AU@ |b 000043829041 | |
| 029 | 1 | |a AU@ |b 000044921526 | |
| 029 | 1 | |a AU@ |b 000045708442 | |
| 029 | 1 | |a AU@ |b 000051288363 | |
| 029 | 1 | |a DEBBG |b BV036032163 | |
| 029 | 1 | |a GWDNB |b 996375325 | |
| 029 | 1 | |a HEBIS |b 215277112 | |
| 029 | 1 | |a NZ1 |b 12442497 | |
| 029 | 1 | |a OCLCS |b OP-27085 | |
| 029 | 1 | |a AU@ |b 000049729996 | |
| 035 | |a (OCoLC)ocm60618161 | ||
| 035 | |a (OCoLC)60618161 |z (OCoLC)1058145405 |z (OCoLC)1098589190 | ||
| 040 | |a OCLCS |b eng |c OCLCS |d TXJ |d HEBIS |d DEBBG |d OCLCQ |d GWDNB |d BUF |d OCLCQ |d OCLCA |d OCLCQ |d OCLCA |d OCLCF |d OCLCO |d CGU |d OCLCO |d OCLCQ |d AU@ |d VT2 |d TXA |d UtOrBLW | ||
| 042 | |a pcc | ||
| 049 | |a TXAM | ||
| 050 | 1 | 4 | |a PE1404 |b .J68 Electronic |
| 082 | 0 | 4 | |a 808/.042/0711 |
| 084 | |a 370 |a 280 |2 zdbs | ||
| 245 | 0 | 0 | |a Basic writing. |
| 246 | 1 | 4 | |a Journal of basic writing |f spring/summer1999- |
| 246 | 1 | 3 | |a JBW |f spring 1997- |
| 264 | 1 | |3 1975-1976 : |a New York : |b City College of New York, Dept. of English | |
| 264 | 2 | 1 | |3 1977-spring 1998 : |a New York : |b Instructional Resource Center, City University of New York |
| 264 | 3 | 1 | |3 fall 1998- : |a New York : |b City University of New York Office of Academic Affairs |
| 300 | |a 1 online resource | ||
| 310 | |a Semiannual, |b 1978- | ||
| 321 | |a Annual, |b 1975-1977 | ||
| 336 | |a text |b txt |2 rdacontent | ||
| 337 | |a computer |b c |2 rdamedia | ||
| 338 | |a online resource |b cr |2 rdacarrier | ||
| 362 | 1 | |a Print began with v. 1 in spring 1975. | |
| 538 | |a Mode of access: World Wide Web. | ||
| 555 | |a Vols. 1-15; 1989-96 in v. 16, no. 1. | ||
| 588 | |a Description based on: V. 1 (spring 1975); title from PDF cover (journal archive website, viewed Aug. 7, 2012). | ||
| 588 | |a Latest issue consulted: V. 30, issue 1 (spring 2011) (EBSCO Communication & Mass Media Complete, viewed Aug. 7, 2012). | ||
| 500 | |a Electronic resource. | ||
| 650 | 0 | |a English language |x Rhetoric |x Study and teaching (Higher) |v Periodicals. | |
| 650 | 0 | |a Basic writing (Remedial education) |v Periodicals. | |
| 650 | 7 | |a Basic writing (Remedial education) |2 fast |0 (OCoLC)fst00828157 | |
| 650 | 7 | |a English language |x Rhetoric |x Study and teaching (Higher) |2 fast |0 (OCoLC)fst00911616 | |
| 655 | 7 | |a Periodicals. |2 fast |0 (OCoLC)fst01411641 | |
| 655 | 0 | |a Electronic journals. | |
| 710 | 2 | |a City University of New York. |b Office of Academic Affairs, |e issuing body. |0 http://id.loc.gov/authorities/names/n84032867 | |
| 710 | 2 | |a City University of New York. |b Instructional Resource Center, |e issuing body. |0 http://id.loc.gov/authorities/names/n84032866 | |
| 710 | 2 | |a City University of New York. |b City College. |b Department of English, |e issuing body. |0 http://id.loc.gov/authorities/names/n77002447 | |
| 776 | 0 | 8 | |i Print version: |t Journal of basic writing |x 0147-1635 |w (DLC) 77649542 |w (OCoLC)3117719 |
| 948 | |a cataloged |b h |c 2019/5/1 |d c |e spoltoratski |f 12:30:15 pm | ||
| 994 | |a C0 |b TXA | ||
| 999 | f | f | |s ccc6fbf2-c445-3539-b1ad-0e19c71de056 |i 2b49f261-43c0-3acd-af85-de89afdbe1a7 |t 0 |
| 952 | f | f | |a Texas A&M University |b College Station |c Electronic Resources |d Available Online |t 0 |e PE1404 .J68 |g Electronic |h Library of Congress classification |
| 998 | f | f | |a PE1404 .J68 |t 0 |l Available Online |